000 00584nam a2200181Ia 4500
008 151018s9999 xx 000 0 und d
082 _bRBASDV27009
_a891.433
100 _aकुश्नचंदर
245 _aमणिमाला कि हंसी
250 _b1
260 _bहिंदी पोकेट बुक्स
_c1994
300 _a160
600 _aकुश्नचंदर
630 _aमणिमाला कि हंसी
700 _aकुश्नचंदर
730 _aमणिमाला कि हंसी
942 _cBOOK
999 _c1026606
_d1026603